Literary theory; A reintroduction (Record no. 147410)

MARC details
000 -LEADER
fixed length control field 00366nam a2200145Ia 4500
008 - FIXED-LENGTH DATA ELEMENTS--GENERAL INFORMATION
fixed length control field 230917s9999||||xx |||||||||||||| ||und||
040 ## - CATALOGING SOURCE
-- 124333
Original cataloging agency VIVEKANANDA LIBRARY
041 ## - Language
-- English
082 ## - DDC NUMBER
Classification number 801.95 A24L
100 ## - MAIN ENTRY--PERSONAL NAME
Personal name Ayers, David
245 #0 - TITLE STATEMENT
Title Literary theory; A reintroduction
260 ## - PUBLICATION, DISTRIBUTION, ETC. (IMPRINT)
Place of publication, distribution, etc New Delhi
Name of publisher, distributor, etc Blackwell Publishing
Date of publication, distribution, etc 2008
300 ## - PHYSICAL DESCRIPTION
Pages 248 p.
942 ## - ADDED ENTRY ELEMENTS (KOHA)
Koha item type Books
Holdings
Withdrawn status Lost status Damaged status Not for loan Location (home branch) Sublocation or collection (holding branch) Date acquired Koha issues (times borrowed) Koha full call number Accession No. Koha date last seen Koha item type
        VIVEKANANDA LIBRARY VIVEKANANDA LIBRARY 26/07/2009   801.95 A24L 262621 17/09/2023 Books
        VIVEKANANDA LIBRARY VIVEKANANDA LIBRARY 26/07/2009   801.95 A24L 263677 17/09/2023 Books
        VIVEKANANDA LIBRARY VIVEKANANDA LIBRARY 26/07/2009   801.95 A24L 283759 17/09/2023 Books
        VIVEKANANDA LIBRARY VIVEKANANDA LIBRARY 26/07/2009 1 801.95 A24L 291903 30/12/2025 Books
© Designed and Maintained by Vivekananda Library, MDU Rohtak